000 00482nam a2200157 a 4500
001 000045671
005 20201002052359.0
008 150422s1973 dr 000 0 spa d
040 _aDO-SdBNP
_bspa
_cBNPHU
082 _axxxx
_bxxxx
100 1 _aTorres, Luis Alfredo
_d1935-
_958182
245 1 4 _aLos bellos rostros /
_cLuis Alfredo Torres.
260 _aSanto Domingo :
_bHorizontes de América,
_c1973.
300 _a5 p. ;
_c21 cm.
500 _aIncluye datos biográficos del autor.
999 _c45160
_d45160